The Biblical Archaeologist

محفوظ في:

التنسيق: دورية

اللغة: Undetermined

منشور في: JSTOR
The University of Chicago Press

الموضوعات:

الوصول للمادة أونلاين: Login to view Source

الوسوم: إضافة وسم

لا توجد وسوم, كن أول من يضع وسما على هذه التسجيلة!

رقم الطلب:

LEADER 00540nas a2200181Ia 4500
008 220214c99999999xx |||||||||||| ||und||
022 |a 0006-0895 
245 0 4 |a The Biblical Archaeologist 
264 1 |b JSTOR 
264 1 |b The University of Chicago Press 
362 0 |a Vol. 1(1938)-60 (1997) 
653 1 0 |a Humanities 
653 1 0 |a Religion 
653 1 0 |a Social Sciences 
856 4 0 |u https://www.jstor.org/journal/biblarch 
942 |c JL 
952 |0 0  |1 0  |4 0  |7 1  |9 34156  |a JSR  |b JSR  |d 2022-02-14  |l 0  |r 2022-02-14 00:00:00  |w 2022-02-14  |y JL 
999 |c 42489  |d 42489